[Event "Challenge"]
[Site "http://www.queenalice.com/game.php?id=608683"]
[Date "2009.6.25"]
[Round "-"]
[White "Mr_SPOCK"]
[Black "Pozzato"]
[Result "0-1"]
[WhiteElo "1485"]
[BlackElo "1636"]

1. e4 e5 2. Qh5 Nf6 3. Qf3 d6 4. h3 Nc6 5. Ne2 Nb4 6. Na3 d5 7. Nc3 d4 8. Bb5+
c6 9. Ne2 cxb5 10. d3 Be6 11. O-O Nc6 12. Nxb5 a6 13. Bg5 axb5 14. a3 h6 15.
Bxf6 gxf6 16. b4 Qd7 17. Qxf6 Rg8 18. Ng3 Ne7 19. Kh2 Ra6 20. f4 Bxh3 21. Qxe5
Bg4 22. f5 f6 23. Qf4 h5 24. e5 Nd5 25. e6 Qd6 26. Qxd4 h4 27. Rf4 hxg3+ 28.
Kxg3 Nxf4 29. Qxf4 Bxf5+ 30. Kf3 Qxf4+ 31. Kxf4 Bxe6 32. Re1 Rxg2 33. Kf3 Rxc2
34. Re4 f5 35. Re5 Bg7 36. Re3 Kf7 37. Re1 Bd5+ 38. Kf4 Be6 39. Rh1 Rxa3 40. Kg5
Rg2+ 41. Kh5 Rxd3 42. Kh4 Bf6+ 43. Kh5 Rgg3 44. Rh2 Rh3+ 45. Rxh3 Rxh3# 0-1

[Event "Challenge"]
[Site "http://www.queenalice.com/game.php?id=608687"]
[Date "2009.6.25"]
[Round "-"]
[White "attachui"]
[Black "Pozzato"]
[Result "1/2-1/2"]
[WhiteElo "2039"]
[BlackElo "1668"]

1. d4 d5 2. g3 Nf6 3. Bg2 e6 4. Nf3 Nc6 5. O-O Bd6 6. Nbd2 e5 7. dxe5 Nxe5 8.
Nxe5 Bxe5 9. Nf3 Bd6 10. Bg5 Be6 11. Nd4 Qe7 12. e4 Be5 13. exd5 Bxd5 14. Bxd5
Qc5 15. Bxb7 Rd8 16. c3 Bxd4 17. cxd4 Qxg5 18. Re1+ Kf8 19. Rc1 Qa5 20. a4 Qb6
21. Bc6 Qxb2 22. Rc4 h5 23. Bg2 Qb6 24. d5 Ng4 25. Qd4 Qxd4 26. Rxd4 Rh6 27. h3
Nf6 28. Rc1 Ne8 29. f4 c6 30. Rcd1 Rhd6 31. g4 c5 32. Rc4 hxg4 33. hxg4 Ra6 34.
f5 f6 35. Kh2 Nd6 36. Rxc5 Rxa4 37. Kh3 a5 38. Rb1 Rb4 39. Rxb4 axb4 40. Rc2 b3
41. Rb2 Rb8 42. Bf1 Rb4 43. Be2 Ke7 44. Bd1 Nc4 45. Rxb3 Rxb3+ 46. Bxb3 Ne3 47.
Kg3 Kd6 48. Kf4 Nxd5+ 49. Bxd5 Kxd5 50. g5 Kd6 51. gxf6 gxf6 52. Ke4 Ke7 53. Kd5
Kd7 54. Kc5 Kc7 55. Kd5 1/2-1/2

[Event "MOONWALKER II"]
[Site "http://www.queenalice.com/game.php?id=609443"]
[Date "2009.6.27"]
[Round "-"]
[White "perucona"]
[Black "Pozzato"]
[Result "0-1"]
[WhiteElo "1604"]
[BlackElo "1685"]

1. e4 e5 2. d4 exd4 3. Qxd4 Nc6 4. Qd5 Nge7 5. Bc4 Nxd5 6. Bxd5 Bc5 7. Be3 Bxe3
8. fxe3 Qg5 9. Nf3 Qxe3+ 10. Kf1 d6 11. Bxc6+ bxc6 12. Nc3 Bh3 13. gxh3 Qxf3+
14. Ke1 Qxh1+ 15. Ke2 Qxa1 0-1

[Event "CLY+1"]
[Site "http://www.queenalice.com/game.php?id=609542"]
[Date "2009.6.27"]
[Round "-"]
[White "mbacellar"]
[Black "Pozzato"]
[Result "0-1"]
[WhiteElo "1177"]
[BlackElo "1778"]

1. e4 d5 2. Bb5+ Bd7 3. Nc3 d4 4. Nb1 Bxb5 5. d3 e5 6. Na3 Bb4+ 7. c3 Bxa3 8.
bxa3 dxc3 9. Rb1 c6 10. Ne2 Bxd3 11. Ng3 Bxb1 12. Qg4 c2 13. Qxg7 Qd1# 0-1

[Event "Challenge"]
[Site "http://www.queenalice.com/game.php?id=609546"]
[Date "2009.6.27"]
[Round "-"]
[White "Pozzato"]
[Black "mbacellar"]
[Result "1-0"]
[WhiteElo "1778"]
[BlackElo "1207"]

1. Nf3 d5 2. d4 Bf5 3. e3 c6 4. Bd3 e6 5. Nc3 Bd6 6. e4 Bg6 7. e5 Bb4 8. Bd2 Bh5
9. O-O g5 10. Bxg5 Qd7 11. a3 h6 12. Bf6 Rh7 13. axb4 Na6 14. Bxh7 Nxb4 15. Bxg8
c5 16. Qd2 Bg6 17. Qxh6 Qb5 18. Nxb5 Bxc2 19. Nc7+ Kd7 20. Nxa8 Bd3 21. Qf8 Nc2
22. Qd6+ Kc8 23. Qc7# 1-0

[Event "New game"]
[Site "http://www.queenalice.com/game.php?id=609749"]
[Date "2009.6.27"]
[Round "-"]
[White "drd123"]
[Black "Pozzato"]
[Result "1-0"]
[WhiteElo "2013"]
[BlackElo "1778"]

1. e4 e5 2. Nf3 Nc6 3. d4 exd4 4. Nxd4 Nge7 5. c3 d5 6. exd5 Nxd4 7. Qxd4 Qxd5
8. Qxd5 Nxd5 9. Bc4 Be6 10. O-O O-O-O 11. Bb3 h6 12. Nd2 g5 13. Nf3 Bg7 14. Bd2
g4 15. Nd4 Bxd4 16. cxd4 Nf6 17. Bxe6+ fxe6 18. Bc3 Rhf8 19. Rfe1 Rde8 20. Rad1
Nd5 21. Re5 Rf5 22. Rde1 Rxe5 23. Rxe5 Nf6 24. f4 gxf3 25. gxf3 Nd5 26. Kf2 c6
27. Kg3 Rg8+ 28. Kf2 Rg6 29. h4 Nf4 30. Re4 Nd5 31. h5 Rf6 32. Kg3 Nxc3 33. bxc3
Kd7 34. Rg4 Rf7 35. Rg6 Rh7 36. Kf4 Rf7+ 37. Ke4 Rf5 38. Rxh6 Ra5 39. Rh7+ Kc8
40. h6 Rxa2 41. Rg7 Re2+ 42. Kd3 1-0

[Event "Round 2 :("]
[Site "http://www.queenalice.com/game.php?id=610310"]
[Date "2009.6.28"]
[Round "-"]
[White "Pozzato"]
[Black "Mr_SPOCK"]
[Result "1-0"]
[WhiteElo "1764"]
[BlackElo "1493"]

1. f4 Nf6 2. e3 Nc6 3. Bb5 Nb4 4. a3 Nbd5 5. Qf3 c6 6. Bc4 d6 7. e4 Bg4 8. Qg3
h5 9. exd5 Ne4 10. Qe3 f5 11. h3 Bd1 12. Kxd1 c5 13. d3 Nf6 14. Qe6 g6 15. Bb5+
Nd7 16. Qxg6# 1-0

[Event "Round 3 :(("]
[Site "http://www.queenalice.com/game.php?id=615150"]
[Date "2009.7.8"]
[Round "-"]
[White "Mr_SPOCK"]
[Black "Pozzato"]
[Result "1-0"]
[WhiteElo "1474"]
[BlackElo "1764"]

1. e4 d5 2. e5 Nc6 3. d4 f6 4. exf6 Nxf6 5. Nf3 Bg4 6. Be2 e6 7. Ne5 Bxe2 8.
Qxe2 Nxd4 9. Qd3 Nf5 10. O-O Bd6 11. Bf4 Ne4 12. Nc3 Nc5 13. Qb5+ c6 14. Nxc6
bxc6 15. Qxc6+ Kf8 16. Bxd6+ Nxd6 17. Qxc5 Kf7 18. Rae1 Re8 19. Re3 Nc4 20. Rf3+
Kg8 21. Qd4 Nxb2 22. Rg3 e5 23. Qg4 Re7 24. Rh3 Nc4 25. Qh4 h6 26. Ne2 Rb8 27.
Ng3 Nd2 28. Nf5 Rf7 29. Nxh6+ Kf8 30. Qh5 Rf4 31. Ng4 Nxf1 32. Qh8+ Kf7 33.
Nxe5+ Kf6 34. Nd7+ Ke6 35. Qxg7 Qxd7 36. Rh6+ Kf5 37. Qxd7+ 1-0

[Event "Challenge"]
[Site "http://www.queenalice.com/game.php?id=617396"]
[Date "2009.7.12"]
[Round "-"]
[White "theblackfox"]
[Black "Pozzato"]
[Result "0-1"]
[WhiteElo "1873"]
[BlackElo "1689"]

1. e4 e5 2. Nf3 Nc6 3. Nc3 Bb4 4. Bb5 Nge7 5. O-O a6 6. Ba4 b5 7. Bb3 Bb7 8. Ng5
d5 9. exd5 Nd4 10. d6 Nxb3 11. axb3 cxd6 12. Re1 Nf5 13. d4 h6 14. Nf3 O-O 15.
d5 Qc7 16. Bd2 Bxc3 17. Bxc3 Rae8 18. Ba5 Qc5 19. b4 Qa7 20. b3 e4 21. g4 exf3
22. Qxf3 Nd4 23. Qd3 Bxd5 24. c4 Nf3+ 25. Kf1 Nxe1 26. Rxe1 Rxe1+ 27. Kxe1 Qe7+
28. Kf1 Bb7 29. c5 dxc5 30. f4 Qh4 31. bxc5 Qxg4 32. Qd2 Re8 33. Bc3 Qf3+ 34.
Kg1 Qh1+ 35. Kf2 Qg2# 0-1

[Event "Challenge"]
[Site "http://www.queenalice.com/game.php?id=617397"]
[Date "2009.7.12"]
[Round "-"]
[White "Pozzato"]
[Black "theblackfox"]
[Result "1-0"]
[WhiteElo "1693"]
[BlackElo "1873"]

1. c4 d5 2. e3 e5 3. Nc3 Nf6 4. Nf3 Nc6 5. cxd5 Nxd5 6. Bb5 Bd7 7. Nxd5 Bb4 8.
Bxc6 Bxc6 9. Nxb4 e4 10. Nd4 O-O 11. Nbxc6 bxc6 12. Nxc6 Qd7 13. Ne5 Qd5 14. d4
Rad8 15. b3 Qa5+ 16. Bd2 Qb6 17. Qc2 Qb7 18. O-O f6 19. Qc6 Qc8 20. Qc4+ Kh8 21.
Nf7+ Rxf7 22. Qxf7 Rf8 23. Qd5 f5 24. Bb4 Rd8 25. Qc5 a6 26. Rac1 Rd7 27. Qxf5
g6 28. Qxe4 h5 29. Qxg6 Rg7 30. Qxh5+ Rh7 31. Qe5+ Rg7 32. Rc6 Qg4 33. Rh6+ Kg8
34. Qe8# 1-0

[Event "CLY+2"]
[Site "http://www.queenalice.com/game.php?id=617835"]
[Date "2009.7.13"]
[Round "-"]
[White "mbacellar"]
[Black "Pozzato"]
[Result "0-1"]
[WhiteElo "1229"]
[BlackElo "1693"]

1. c4 d5 2. Qa4+ Bd7 3. Qb4 e6 4. Qxb7 Bc6 5. Qb3 Bc5 6. a4 Qf6 7. Qg3 Bd4 8. e3
Be5 9. Qg4 Bxb2 10. Ra2 Bxc1 11. Nc3 h5 12. Qf4 Qe7 13. Ra1 Ba3 14. Nb1 Bd6 15.
Qd4 e5 16. Qc3 Bb4 17. Qb3 Nf6 18. Nf3 Na6 19. Ng5 Rb8 20. Bd3 Bxd2+ 21. Nxd2
Rxb3 22. Nxb3 Qb4+ 23. Nd2 Qc3 24. Rb1 Qxd3 25. Rb8+ Nxb8 26. h4 dxc4 27. Rh3
Bxa4 28. e4 Qc2 29. Ngf3 Qd1# 0-1

[Event "CLY+3"]
[Site "http://www.queenalice.com/game.php?id=617836"]
[Date "2009.7.13"]
[Round "-"]
[White "Pozzato"]
[Black "mbacellar"]
[Result "1-0"]
[WhiteElo "1693"]
[BlackElo "1229"]

1. c4 g6 2. e3 Na6 3. Nf3 e6 4. Nc3 Qe7 5. Nb5 Qd8 6. d3 c6 7. Nbd4 c5 8. Nb5 d5
9. d4 dxc4 10. Bxc4 e5 11. Nxe5 Qf6 12. Nxf7 h5 13. Nxh8 Qxh8 14. Qa4 Bd7 15.
O-O Nb4 16. Qa5 b6 17. Qa4 Rc8 18. Qb3 a6 19. Bxg8 Bf5 20. Bf7+ Kd8 21. Na7 Ra8
22. Nc6+ Nxc6 23. Qd5+ Kc7 24. e4 Qxd4 25. Bf4+ Kb7 26. Qxd4 cxd4 27. exf5 a5
28. fxg6 Nb4 29. Be5 d3 30. g7 Bc5 31. g8=Q Rxg8 32. Bxg8 Nc6 33. Bd5 Ka6 34.
Bxc6 1-0

[Event "BANCO DE IMAGENS V"]
[Site "http://www.queenalice.com/game.php?id=621560"]
[Date "2009.7.19"]
[Round "-"]
[White "perucona"]
[Black "Pozzato"]
[Result "0-1"]
[WhiteElo "1660"]
[BlackElo "1729"]

1. e4 e5 2. d4 exd4 3. Qxd4 Nc6 4. Qd5 Nf6 5. Qd3 d5 6. e5 Nxe5 7. Qe2 Bd6 8. f4
Bg4 9. Qb5+ Nc6 10. Nf3 Bxf3 11. gxf3 Rb8 12. Bh3 Qe7+ 13. Qe2 Qxe2+ 14. Kxe2
Nd4+ 15. Kd3 Nxf3 16. Bg2 Nh4 17. Re1+ Kf8 18. f5 Nxg2 19. Rg1 Nf4+ 20. Ke3 Re8+
21. Kd4 Ne2+ 22. Kd3 Nxg1 23. Nc3 c5 24. Kd2 Nf3+ 25. Kd3 c4# 0-1

[Event "New challenge"]
[Site "http://www.queenalice.com/game.php?id=633276"]
[Date "2009.8.9"]
[Round "-"]
[White "Pozzato"]
[Black "attachui"]
[Result "0-1"]
[WhiteElo "1734"]
[BlackElo "2015"]

1. f4 d5 2. Nf3 Nf6 3. d3 c5 4. e3 Nc6 5. Be2 Bf5 6. O-O e6 7. e4 dxe4 8. dxe4
Bxe4 9. Nc3 Qxd1 10. Rxd1 Bxc2 11. Rd2 Bg6 12. Bb5 Rc8 13. Bxc6+ Rxc6 14. Ne5
Rd6 15. Nb5 Rxd2 16. Bxd2 a6 17. Nc7+ Kd8 18. Ba5 Kc8 19. Bb6 Bd6 20. Rc1 Bxc7
21. Rxc5 Nd5 22. Bxc7 Nxc7 23. h4 f6 24. Nc4 Rd8 25. Nb6+ Kb8 26. h5 Bf5 0-1

[Event "Challenge"]
[Site "http://www.queenalice.com/game.php?id=633545"]
[Date "2009.8.9"]
[Round "-"]
[White "sunking"]
[Black "Pozzato"]
[Result "1-0"]
[WhiteElo "1758"]
[BlackElo "1724"]

1. d3 d5 2. e4 dxe4 3. dxe4 Qxd1+ 4. Kxd1 Nf6 5. e5 Ne4 6. Ke1 Bf5 7. f3 Nc5 8.
Bd3 Bxd3 9. Be3 Nbd7 10. Na3 Bg6 11. Bxc5 Nxc5 12. Rd1 e6 13. Ne2 Nd7 14. f4
O-O-O 15. Rd4 Bxa3 16. bxa3 Bxc2 17. a4 Nc5 18. a5 Bd3 19. Rxd8+ 1-0

[Event "Challenge"]
[Site "http://www.queenalice.com/game.php?id=633546"]
[Date "2009.8.9"]
[Round "-"]
[White "sunking"]
[Black "Pozzato"]
[Result "1-0"]
[WhiteElo "1773"]
[BlackElo "1705"]

1. d4 d5 2. e3 Nf6 3. h3 e6 4. Nf3 Bd6 5. g4 Nc6 6. Bb5 Bd7 7. Nc3 a6 8. Bxc6
Bxc6 9. Qd3 Ne4 10. Nh4 Qxh4 11. Nxe4 dxe4 12. Qe2 O-O 13. Rh2 Bxh2 14. Kd1 Qxh3
15. Bd2 Qf3 16. Qxf3 exf3 17. c3 e5 18. dxe5 Bxe5 19. Be1 1-0

[Event "Bora outra!"]
[Site "http://www.queenalice.com/game.php?id=633698"]
[Date "2009.8.9"]
[Round "-"]
[White "mbacellar"]
[Black "Pozzato"]
[Result "0-1"]
[WhiteElo "1232"]
[BlackElo "1729"]

1. g4 d6 2. Bg2 c6 3. h4 Bxg4 4. f3 Bh5 5. Nc3 e5 6. Nh3 Qxh4+ 7. Nf2 Qg3 8. Kf1
Nf6 9. Rh3 Qf4 10. e4 Be7 11. d3 Qxc1 12. Rxc1 O-O 13. b4 d5 14. Qd2 Bxb4 15.
Ra1 d4 16. Nfd1 Bg6 17. Qg5 dxc3 18. Qxe5 Nbd7 19. Qc7 Nc5 20. a3 Rac8 21. Qe5
Ncd7 22. Qd4 c5 23. Qd6 Ba5 24. Rb1 Bc7 25. Qe7 Rfe8 26. Qxd7 Nxd7 27. Rxb7 a5
28. Nxc3 f5 29. Nd5 fxe4 30. Nxc7 Rf8 31. Ke2 exd3+ 32. cxd3 Ne5 33. f4 Rxf4 34.
Ne6 Rf6 35. Bd5 Nf7 36. Rh4 Re8 37. d4 cxd4 38. Ra7 d3+ 39. Kd2 Rf2+ 40. Ke1 d2+
41. Kxf2 d1=Q 42. Re4 Bxe4 43. Bxe4 Rxe6 44. Bd5 Qd4+ 0-1

[Event "Challenge"]
[Site "http://www.queenalice.com/game.php?id=634711"]
[Date "2009.8.11"]
[Round "-"]
[White "talisman77"]
[Black "Pozzato"]
[Result "0-1"]
[WhiteElo "1738"]
[BlackElo "1716"]

1. d4 e6 2. c4 c5 3. Nf3 Nc6 4. Nc3 cxd4 5. Nxd4 Bc5 6. Nxc6 bxc6 7. e3 d5 8.
cxd5 cxd5 9. Bb5+ Bd7 10. O-O Nf6 11. a3 a6 12. Bxd7+ Qxd7 13. Qb3 O-O 14. Re1
Rab8 15. Qc2 Qc7 16. Bd2 Bd6 17. b4 Bxh2+ 18. Kh1 Ng4 19. Rf1 Bg1 20. g3 Bxf2
21. Rg1 Bxg3 22. Be1 Bxe1 23. Raxe1 f5 24. Qd2 Rf6 25. Kg2 Qh2+ 0-1

[Event "Challenge"]
[Site "http://www.queenalice.com/game.php?id=637577"]
[Date "2009.8.16"]
[Round "-"]
[White "Ninho"]
[Black "Pozzato"]
[Result "1-0"]
[WhiteElo "1748"]
[BlackElo "1723"]

1. d4 d5 2. c4 e6 3. Nc3 Bb4 4. e3 Nc6 5. Bd3 Nf6 6. c5 e5 7. Ne2 e4 8. Bb5 Bd7
9. O-O a6 10. Ba4 O-O 11. Nf4 Bg4 12. Qc2 Qd7 13. Bb3 Bf3 14. Ncxd5 Qg4 15.
Nxf6+ gxf6 16. a3 Ba5 17. Bd5 Ne5 18. Bxe4 Bxe4 19. Qxe4 Rae8 20. dxe5 fxe5 21.
Qa4 exf4 22. exf4 Be1 23. Be3 b5 24. Qxa6 Ra8 25. Qc6 Ba5 26. b4 h5 27. bxa5
Rxa5 28. Qf6 h4 29. h3 1-0

[Event "Challenge"]
[Site "http://www.queenalice.com/game.php?id=643900"]
[Date "2009.8.28"]
[Round "-"]
[White "Lord_Lelis"]
[Black "Pozzato"]
[Result "1-0"]
[WhiteElo "1782"]
[BlackElo "1742"]

1. e4 e6 2. e5 d6 3. Nf3 dxe5 4. Nxe5 Qf6 5. d4 Bd6 6. c3 Bxe5 7. dxe5 Qxe5+ 8.
Be3 Nf6 9. Nd2 Ng4 10. Qa4+ Bd7 11. Qxg4 Qf6 12. Bd4 e5 13. Qe4 Nc6 14. Nf3 O-O
15. Bc5 Rfe8 16. O-O-O b6 17. Rxd7 bxc5 18. Rxc7 Red8 19. Qxc6 Qf4+ 20. Kc2 Qd2+
21. Nxd2 1-0

[Event "Challenge"]
[Site "http://www.queenalice.com/game.php?id=646786"]
[Date "2009.9.3"]
[Round "-"]
[White "GIOLE"]
[Black "Pozzato"]
[Result "1-0"]
[WhiteElo "2011"]
[BlackElo "1728"]

1. e4 e6 2. d4 d5 3. e5 Nc6 4. Nf3 Bb4+ 5. c3 Ba5 6. b4 Bb6 7. a4 a6 8. Be3 Nge7
9. Bd3 Nf5 10. O-O Nxe3 11. fxe3 Ne7 12. Ng5 Nf5 13. e4 dxe4 14. Nxe4 Ne3 15.
Qf3 Nxf1 16. Kxf1 O-O 17. Nbd2 h6 18. Kg1 c6 19. Nd6 Qe7 20. Qe4 g6 21. Qf3 Bc7
22. N2e4 Bxd6 23. Nxd6 f5 24. Qg3 Qg5 25. Qf2 f4 26. Ne4 Qe7 27. Nf6+ Rxf6 28.
exf6 Qxf6 29. Rf1 g5 30. Qe2 Bd7 31. Qe4 Qg7 32. Rf3 Rf8 33. g3 g4 34. Rxf4 e5
35. Bc4+ Kh8 36. Rxf8+ Qxf8 37. Qxe5+ Kh7 38. Bd3+ 1-0

[Event "Italia"]
[Site "http://www.queenalice.com/game.php?id=660720"]
[Date "2009.9.30"]
[Round "1"]
[White "gustavline"]
[Black "Pozzato"]
[Result "1-0"]
[WhiteElo "1703"]
[BlackElo "1708"]

1. e4 e5 2. Nf3 Nc6 3. Bb5 Nge7 4. O-O a6 5. Ba4 b5 6. Bb3 a5 7. Ng5 d5 8. Qf3
f6 9. Nh3 Bxh3 10. Qxh3 a4 11. Bxd5 Nxd5 12. exd5 Qxd5 13. Nc3 1-0